Загрузка...

1982-le Therenhetuta Katakal

Библиографические подробности
Главный автор: Samuel,John Sambadakan Viva
Формат: Printed Book
Язык:Malayalam
Опубликовано: Oru Book club prasidheekaranam Oru Book club prasidheekaranam 1984
LEADER 00537nam a2200133Ia 4500
008 111205s9999 xx 000 0 mal d
082 |a 123 
100 |a Samuel,John Sambadakan Viva. 
245 |a 1982-le Therenhetuta Katakal  |c Samuel,John Sambadakan Viva. 
260 |b Oru Book club prasidheekaranam  |a Oru Book club prasidheekaranam  |c 1984 
300 |a 0 
942 |c BK 
999 |c 218038  |d 218038 
952 |0 0  |1 0  |2 ddc  |4 0  |6 855_080000000000000_JOH_T  |7 0  |9 240955  |a MAL  |b MAL  |c ST1  |d 2007-05-21  |g 10.00  |l 0  |o 855.08 JOH/T  |p MAL18156  |r 2011-12-05  |v 10.00  |w 2011-12-05  |y BK